Central Library OPAC University of Rajshahi

Introduction to commutative algebra / (Record no. 6721)

MARC details
000 -LEADER
fixed length control field 01225cam a2200373 4500
001 - CONTROL NUMBER
control field 6721
003 - CONTROL NUMBER IDENTIFIER
rucl marc code BD-RjUL
005 - DATE AND TIME OF LATEST TRANSACTION
control field 20211208234311.0
008 - FIXED-LENGTH DATA ELEMENTS--GENERAL INFORMATION
fixed length control field 140112s1969 mau b 001 0 eng
020 ## - INTERNATIONAL STANDARD BOOK NUMBER
International Standard Book Number 0201003619
International Standard Book Number 9780201003611
International Standard Book Number 0201407515
International Standard Book Number 9780201407518
035 ## - SYSTEM CONTROL NUMBER
System control number (BD-RjUL)6762
040 ## - CATALOGING SOURCE
Original cataloging agency DLC
Transcribing agency DLC
Modifying agency FNU
-- UKM
-- OCLCQ
-- BAKER
-- NLGGC
-- LVB
-- OCLCQ
-- OCLCG
-- YDXCP
-- OCLCG
-- LGG
-- HEBIS
-- DEBBG
-- MYG
-- BD-RjUL
Language of cataloging eng
041 ## - LANGUAGE CODE
Language code of text/sound track or separate title eng
082 00 - DEWEY DECIMAL CLASSIFICATION NUMBER
Classification number 512.89
Edition number 18
Author mark and year ATI 1969
084 ## - OTHER CLASSIFICATION NUMBER
Classification number 31.23
Number source bcl
Classification number SK 230
Number source rvk
100 1# - MAIN ENTRY--PERSONAL NAME
Personal name Atiyah, Michael Francis,
Dates associated with a name 1929-
9 (RLIN) 21133
245 10 - TITLE STATEMENT
Title Introduction to commutative algebra /
Statement of responsibility, etc. M.F. Atiyah [and] I.G. Macdonald.
260 ## - PUBLICATION, DISTRIBUTION, ETC. (IMPRINT)
Place of publication, distribution, etc. Reading, Mass. :
Name of publisher, distributor, etc. Addison-Wesley Pub. Co. ,
Date of publication, distribution, etc. c1969
300 ## - PHYSICAL DESCRIPTION
Pagination viii, 128 p. ;
Size 24 cm.
490 1# - SERIES STATEMENT
Series statement Addison-Wesley series in mathematics
504 ## - BIBLIOGRAPHY, ETC. NOTE
Bibliography, etc Bibliography: p. viii. and index.
650 #0 - SUBJECT ADDED ENTRY--TOPICAL TERM
Topical term or geographic name as entry element Commutative algebra.
9 (RLIN) 20437
Topical term or geographic name as entry element Rings (Algebra)
9 (RLIN) 21134
Topical term or geographic name as entry element Commutative rings.
9 (RLIN) 21135
700 1# - ADDED ENTRY--PERSONAL NAME
Personal name Macdonald, I. G.
Fuller form of name (Ian Grant)
830 #0 - SERIES ADDED ENTRY--UNIFORM TITLE
Uniform title Addison-Wesley series in mathematics.
942 ## - ADDED ENTRY ELEMENTS (KOHA)
Source of classification or shelving scheme Dewey Decimal Classification
Koha item type Books
Holdings
Lost status Source of classification or shelving scheme Damaged status Not for loan Collection code Permanent Location Current Location Shelving location Date acquired Source of acquisition Cost, normal purchase price Total Checkouts Full call number Date last seen Copy number Koha item type
  Dewey Decimal Classification     Non-fiction Central Library, University of Rajshahi Central Library, University of Rajshahi   16/05/1977 W. Heffer and sons 7.00   512.89 ATI 1969 12/01/2014 C-7 Books
  Dewey Decimal Classification     Non-fiction Central Library, University of Rajshahi Central Library, University of Rajshahi   16/05/1977 W. Heffer and sons 7.00   512.89 ATI 1969 12/01/2014 C-10 Books
  Dewey Decimal Classification     Non-fiction Central Library, University of Rajshahi Central Library, University of Rajshahi     W. Heffer & Sons 7.00   512.89 ATI 1969 15/01/2014 C-5 Books
  Dewey Decimal Classification     Non-fiction Central Library, University of Rajshahi Central Library, University of Rajshahi   16/05/1977 W. Heffer and Sons 7.00   512.89 ATI 1969 29/08/2016 C-2 Books
  Dewey Decimal Classification     Non-fiction Central Library, University of Rajshahi Central Library, University of Rajshahi   16/05/1977 W. Heffer and Sons 7.00   512.89 ATI 1969 29/08/2016 C-3 Books
  Dewey Decimal Classification     Non-fiction Central Library, University of Rajshahi Central Library, University of Rajshahi   16/05/1977 W. Heffer and Sons 7.00   512.89 ATI 1969 29/08/2016 C-4 Books
  Dewey Decimal Classification     Non-fiction Central Library, University of Rajshahi Central Library, University of Rajshahi   16/05/1977 Heffer and Sons 7.00   512.89 ATI 1969 01/11/2016 C-8 Books
  Dewey Decimal Classification     Non-fiction Central Library, University of Rajshahi Central Library, University of Rajshahi   16/05/1977 Heffer and Sons 7.00   512.89 ATI 1969 09/11/2016 C-6 Books
  Dewey Decimal Classification   Not For Loan Non-fiction Central Library, University of Rajshahi Central Library, University of Rajshahi Reading Room 12/10/1973 U.S.Govt.     512.89 ATI 1969 15/04/2017 C-1 Books